| 000 | 00348nam a2200145Ia 4500 | ||
|---|---|---|---|
| 005 | 20251222144659.0 | ||
| 008 | 251222s9999||||xx |||||||||||||| ||spa|| | ||
| 020 | _a958-648-397-5 | ||
| 082 | _a658.404/P86 | ||
| 100 | _aPrieto Herrera, Jorge EliƩcer | ||
| 245 | 0 | _aLos Proyectos: | |
| 250 | _a2a.ed. | ||
| 264 | _bEcoe Ediciones | ||
| 942 | _cLIB | ||
| 999 |
_c17361 _d17361 |
||